Principles of financial economics
Kaydedildi:
| Asıl Yazarlar: | , |
|---|---|
| Materyal Türü: | Kitap |
| Dil: | İngilizce |
| Baskı/Yayın Bilgisi: |
Nueva York
Cambridge University
2001
|
| Edisyon: | 1a. ed |
| Konular: | |
| Etiketler: |
Etiketle
Etiket eklenmemiş, İlk siz ekleyin!
|
MARC
| LEADER | 00000nam a2200000 a 4500 | ||
|---|---|---|---|
| 001 | UCJ9044 | ||
| 003 | CL-VaPUC | ||
| 008 | 070302e20010000US |||||||||||||||||eng|d | ||
| 020 | |a 0521586054 | ||
| 082 | 0 | 4 | |a 332 |b LER |2 21 |
| 100 | 0 | |a Leroy, Stephen F |e author |9 518942 | |
| 700 | 0 | |a Werner, Jan |e author |9 518943 | |
| 245 | 1 | 0 | |a Principles of financial economics |
| 250 | |a 1a. ed | ||
| 300 | |a 280 p | ||
| 942 | |c BK | ||
| 945 | |d 20070302 00:00:00 |a cmena | ||
| 260 | |a Nueva York |b Cambridge University |c 2001 | ||
| 650 | 0 | |a Modelos matemáticos |9 259437 | |
| 650 | 7 | |a TEORIA DE PRECIOS |2 CL-VaPUC |9 383113 | |
| 650 | 0 | |a Proyectos de inversión |9 261065 | |
| 650 | 0 | |a Mercado financiero |9 334172 | |
| 650 | 0 | |a Administración financiera |9 261146 | |
| 650 | 0 | |a Planificación estratégica |9 259735 | |
| 650 | 7 | |a SEGUROS |2 CL-VaPUC |9 518944 | |
| 650 | 0 | |a Riesgos |9 430723 | |
| 583 | |a last modification |c 20070302 00:00:00 |k Rodrigo Vera | ||
| 999 | |c 324683 |d 324681 | ||
| 952 | |0 0 |1 0 |4 0 |6 332_000000000000000_LER_2001 |7 0 |8 A |9 404975 |a BIBGIM |b BIBGIM |d 2019-11-22 |i 4315286 |o 332 LER 2001 |p 4315286 |r 2025-01-15 |w 2019-11-22 |y BK |k COM | ||